000 01821nam0a2200385 i 4500
001 RU\NLR\bibl\2001591
005 20240921180747.0
010 _a9785803807933
_9500
021 _aRU
_b2013-6281
_9446
035 _a(nilc)RuMoRGB-006528168
035 _a(NLR Aleph) 001990312
090 _a4215502
_c4215502
100 _a20130206d2012 k y0rusy50 ca
101 0 _arus
102 _aRU
105 _aa |||||||||
200 1 _aСудоходство Лено-Витимского бассейна (60-е годы XIX в. - 1917 г.)
_eмонография
_fС. В. Гузенков
210 _aИркутск
_cИзд-во ИрГТУ
_d2012
215 _a273, [1] с.
_cил., портр.
_d21
300 _aНа 4-й с. обл. авт.: к.ист.н. С.В. Гузенкова
320 _aБиблиогр. в конце ст.
606 1 _aВодные пути
_xИстория
_yЛено-Витимский бассейн
_z60-е гг. 19 в. - октябрь 1917
_92155599
_3RU\NLR\AUTH\661602433
606 1 _aРечное судоходство
_xИстория
_yЛена, река (Сибирь Восточная)
_z60-е гг. 19 в. - октябрь 1917
_92174187
_3RU\NLR\AUTH\6601543998
606 1 _aРечное судоходство
_xИстория
_yВитим, река (Сибирь Восточная)
_z60-е гг. 19 в. - октябрь 1917
_92174188
_3RU\NLR\AUTH\6601543999
686 1 _aО4,2г(2)
686 1 _aО411.211г(2)
700 1 _aГузенков
_bС. В.
_gСергей Васильевич
_4070
801 0 _aRU
_bRuMoRKP
_c20130206
_gRCR
801 2 _aRU
_bРГБ
_c20130226
_grcr
801 1 _aRU
_bRuMoRKP
_c20130206
_2rusmarc
801 2 _aRU
_bNLR
_c20130216
_grcr
942 _cBOOK
980 _aNBR